Handbook of mathematical logic /

Guardado en:
Otros Autores: Barwise, Jon. (Editor ), Keisler, H. Jerome. (Editor )
Formato: Libro
Idioma:English
Publicado: Amsterdam : North-Holland, 1977.
Series:Studies in logic and the foundations of mathematics ; v. 90
Materias:
Etiquetas: Agregar Etiqueta
Sin Etiquetas, Sea el primero en etiquetar este registro!
LEADER 00824pam a2200229 a 4500
001 MAT.inmabb004447
008 760716s1977####ne#######b####001#0#eng##
005 20160314112440.0
245 0 0 |a Handbook of mathematical logic /  |c edited by Jon Barwise ; with the cooperation of H. J. Keisler ... [et al.]. 
260 |a Amsterdam :  |b North-Holland,  |c 1977. 
300 |a xi, 1165 p. ;  |c 23 cm. 
440 0 |a Studies in logic and the foundations of mathematics ;  |v v. 90 
504 |a Incluye referencias bibliográficas e índice. 
510 4 |a MR,  |c 56 #15351 
020 |a 072042285X 
700 1 |a Barwise, Jon.  |4 edt 
700 1 |a Keisler, H. Jerome.  |4 edt 
650 0 |a Logic, Symbolic and mathematical. 
084 |a 03-06 (03Bxx)  |2 msc2000 
010 |a  76026032  
040 |a DLC  |c DLC  |d DLC 
859 |h 03  |i H236  |p A-4929  |b BIB. MATEMATICA